ბოლო სიგარეტი მარტივი გზა (Record no. 1907)

000 -LEADER
fixed length control field 00870nam a22002177a 4500
003 - CONTROL NUMBER IDENTIFIER
control field OSt
005 - DATE AND TIME OF LATEST TRANSACTION
control field 20210427064901.0
008 - FIXED-LENGTH DATA ELEMENTS--GENERAL INFORMATION
fixed length control field 210304s1999 ||||| |||| 00| 0 geo d
020 ## - INTERNATIONAL STANDARD BOOK NUMBER
International Standard Book Number 9994073966
040 ## - CATALOGING SOURCE
Original cataloging agency eng
Language of cataloging eng
Transcribing agency DLC
041 ## - LANGUAGE CODE
Language code of text/sound track or separate title geo
080 ## - UNIVERSAL DECIMAL CLASSIFICATION NUMBER
Universal Decimal Classification number 821.353.1
Item number კ-27
100 ## - MAIN ENTRY--PERSONAL NAME
9 (RLIN) 1243
Personal name კარი, ალენ / Carr, Allen
245 ## - TITLE STATEMENT
Title ბოლო სიგარეტი მარტივი გზა
Remainder of title : Easy way to Stop Smoking
Statement of responsibility, etc. / by: რუსთავი 2 პრინტი / Rustavi 2 Print
260 ## - PUBLICATION, DISTRIBUTION, ETC.
Place of publication, distribution, etc. თბილისი / Tbilisi
Name of publisher, distributor, etc. რუსთავი 2 პრინტი / Rustavi 2 Print
Date of publication, distribution, etc. 1999
300 ## - PHYSICAL DESCRIPTION
Extent 166 p.
650 #0 - SUBJECT ADDED ENTRY--TOPICAL TERM
9 (RLIN) 942
Topical term or geographic name entry element Georgian Literature
653 ## - INDEX TERM--UNCONTROLLED
Uncontrolled term ქართული ლიტერატურა
700 ## - ADDED ENTRY--PERSONAL NAME
9 (RLIN) 1244
Personal name ცინცაძე, ნინო / Tsintsadze, Nino
Relator term Translator
942 ## - ADDED ENTRY ELEMENTS (KOHA)
Source of classification or shelving scheme
Koha item type Books
Holdings
Withdrawn status Lost status Source of classification or shelving scheme Damaged status Not for loan Permanent location Current location Date acquired Inventory number Total Checkouts Full call number Barcode Date last seen Price effective from Koha item type
          Ken Walker International University Ken Walker International University 03/04/2021 1611   821.353.1 კ-27 1611 03/04/2021 03/04/2021 Books

Powered by Koha